|
|
|
|
| LEADER |
00898nam a22002531 4500 |
| 001 |
c000198993 |
| 003 |
CARM |
| 005 |
20021125001800.0 |
| 008 |
851029s1979 enk 00000 eng d |
| 019 |
1 |
|
|a 4017732
|5 LACONCORD2021
|
| 035 |
|
|
|a (OCoLC)216252730
|5 LACONCORD2021
|
| 100 |
1 |
|
|a Lee, Derek.
|
| 245 |
1 |
0 |
|a Regional planning and location of industry :
|b Derek Lee.
|
| 250 |
|
|
|a 3rd ed.
|
| 260 |
|
|
|a London :
|b Heinemann Educational,
|c 1979.
|
| 300 |
|
|
|a 160p Pbk.
|
| 440 |
|
|
|a Studies in the British economy
|
| 500 |
|
|
|a Previous ed.: 1970.
|
| 650 |
|
0 |
|a Regional planning
|z Europe.
|
| 650 |
|
0 |
|a Industrial location
|z Europe.
|
| 852 |
8 |
|
|b CARM
|h A2:AK11A0
|i B06085
|p 0294080
|f BK
|
| 082 |
0 |
4 |
|a 338.6042094
|
| 999 |
f |
f |
|i ff347085-0f19-5fb3-b568-0de562f44b49
|s 90c1e245-64d8-5012-bee0-dbf6cfe4e933
|
| 952 |
f |
f |
|p Can circulate
|a CAVAL
|b CAVAL
|c CAVAL
|d CARM 1 Store
|e B06085
|f A2:AK11A0
|h Other scheme
|i book
|m 0294080
|